El proper 20 de setembre, agafa la bici
Descripción Física:
1 tríptic ; il. col. ; 21 cm.
Idioma:
Catalán
MARC
| LEADER | 00000nam a22000007a 4500 | ||
|---|---|---|---|
| 001 | 27825 | ||
| 003 | Arxiu | ||
| 005 | 20260324181515.0 | ||
| 008 | 230509b spa||||| |||| 00| 0 cat d | ||
| 040 | |a agdb |b cat | ||
| 245 | |a El proper 20 de setembre, agafa la bici | ||
| 260 | |a Barcelona : |b Diputació de Barcelona ; |c [2018?] | ||
| 300 | |a 1 tríptic ; |b il. col. ; |c 21 cm. | ||
| 650 | 0 | |2 Arxiu |9 47932 |a Mobilitat sostenible | |
| 650 | 0 | |9 10230 |a Desplaçaments en bicicleta | |
| 710 | |9 56351 |a Barcelona (Catalunya : Província). |b Taula de Mobilitat | ||
| 942 | |2 udc |c ARXIU |n 1 | ||
| 952 | |0 0 |1 0 |2 udc |4 0 |6 FU7566 |7 1 |9 66288 |a Arxiu |b Arxiu |d 2023-05-09 |l 0 |o FU-75-66 |p 27825 |r 2023-05-09 00:00:00 |w 2023-05-09 |y ARXIU | ||
| 999 | |c 83422 |d 83422 | ||